[Event "Weymouth Minor op"]
[Site "Weymouth"]
[Date "2008.10.24"]
[Round "1"]
[White "Connor, T Brian"]
[Black "Ariss, John A"]
[Result "0-1"]
[WhiteElo "1128"]
[BlackElo "1368"]
[PlyCount "100"]
[EventDate "2008.10.24"]
[EventType "swiss"]
[EventRounds "5"]
[EventCountry "ENG"]
[SourceTitle "EXT 2011"]
[Source "ChessBase"]
[SourceDate "2010.11.26"]
[SourceVersion "1"]
[SourceVersionDate "2010.11.26"]
[SourceQuality "1"]

1. e4 e6 2. d4 d5 3. Nc3 c5 4. Be3 Qb6 5. Nf3 Qxb2 6. Na4 Qb4+ 7. c3 Qa5 8. Rb1 Bd7 9. Nxc5 Bxc5 10. dxc5 Qxc3+ 11. Qd2 Qxd2+ 12. Nxd2 Bc6 13. Bd3 Nf6 14. f3 0-0 15. 0-0 Nbd7 16. Bd4 e5 17. exd5 Nxd5 18. Bf2 Rfd8 19. Ne4 Nf4 20. Bc4 Ne6 21. Nd6 b6 22. cxb6 axb6 23. Bxb6 Nxb6 24. Rxb6 Rxd6 25. Rfb1 Rad8 26. Bb3 Bd5 27. Rxd6 Rxd6 28. Bxd5 Rxd5 29. a4 Ra5 30. Ra1 f6 31. Kf2 Nc5 32. Ke3 Kf7 33. f4 exf4+ 34. Kxf4 Rxa4+ 35. Rxa4 Nxa4 36. Ke3 Ke6 37. Ke4 Nc3+ 38. Kd3 Nd5 39. Ke4 g5 40. g4 Nc3+ 41. Kd3 Nd1 42. Ke2 Nb2 43. h3 Ke5 44. Ke3 h6 45. Kf3 Nd3 46. Kg3 Ke4 47. h4 Ke3 48. hxg5 hxg5 49. Kg2 Kf4 50. Kh3 Nf2+ 0-1